• 首页
  • 本馆介绍
  • 公告通知
  • 最新文献
  • 馆藏检索
  • 电子资源
  • 读者导购
  • 参考咨询
  • 我的图书馆
  • 登录
  • 详细信息显示
  • 放入我的书架
  • 预约/预借图书
  • 作者相关作品
  • 分类相关作品
  • 丛书相关作品
  • 出版社相关作品

书目信息

  • 表格格式
  • 工作单格式
  • 卡片格式
题名:
从遮羞板到漆齿文身
    
 
作者: 向翔 , 龚友德 著
分册:  
出版信息: 昆明   云南教育出版社  1991.1
页数: 194页
开本: 21cm
丛书名:
单 册:
中图分类: TS941.12
科图分类:
主题词: 少数民族-服饰-中国 , 服饰-少数民族-中国 , 服装工业
电子资源:
ISBN: 7-5415-0433-5
000 00838nam0 2200277 45
001 012000613349
005 20031219104108.8
010    @a7-5415-0433-5@dCNY10.00
100    @a20000606d1991 ekmy0chiy0120 ea
101 0  @achi
102    @aCN@b540000
105    @ac z 000yy
106    @ar
200 1  @a从遮羞板到漆齿文身@Acong zhe xiu ban dao qi chi wen shen@e中国少数民族服饰巡礼@f向翔, 龚友德著
205    @a2版
210    @a昆明@c云南教育出版社@d1991.1
215    @a194页@c肖像@d21cm
517 1  @a中国少数民族服饰巡礼@AZhong Guo Shao Shu Min Zu Fu Shi Xun Li
606 0  @a少数民族-服饰-中国
606 0  @a服饰-少数民族-中国
606 0  @a服装工业
690    @aTS941.12@v4
701  0 @a向翔@Axiang xiang@4著
701  0 @a龚友德@Agong you de@4著
801    @aCN@bTSTC@c20030407
905    @b322240-244@dTS941.12@e19=2@f5
    
    从遮羞板到漆齿文身:中国少数民族服饰巡礼/向翔, 龚友德著.-2版.-昆明:云南教育出版社,1991.1
    194页:肖像;21cm
    
    
    ISBN 7-5415-0433-5:CNY10.00
    
●
相关链接 在E读中查询图书 在五车中查询图书 在当当中查询图书 在豆瓣中查询图书


正题名:从遮羞板到漆齿文身     索取号:TS941.12/19=2         预约/预借

序号 登录号 条形码 馆藏地/架位号 状态 备注
1 0322240   203222404   第三借阅区/ [索取号:TS941.12/19=2] 在馆    
2 0322241   203222413   第三借阅区/ [索取号:TS941.12/19=2] 在馆    
3 0322242   203222422   第三借阅区/ [索取号:TS941.12/19=2] 在馆    
4 0322243   203222431   第三借阅区/ [索取号:TS941.12/19=2] 在馆    
5 0322244   203222440   第二样本阅览室/ [索取号:TS941.12/19=2] 在馆    
唐山师范学院图书馆 欢迎您!
大连网信软件有限公司© 版权所有